000 00296nam a2200121Ia 4500
008 191201s2012 xx 000 0 und d
100 _aShahnaz
245 0 _aCommunication Skills in English Vol -1
250 _a1st
260 _c2012
_bNORTH PUB.
_aNEW DELHI
300 _a272
942 _2ddc
_cBK
_08
999 _c8079
_d8079